1216 1304 1127 1418 1357 1304 1451 1881 1426 1452 1599 1504 1582 1148 1282 1782 1889 1704 1291 1855 1920 1307 1652 1240 1715 1283 1235 1196 1735 1857 1423 1515 1725 1329 1342 1664 1342 1633 1158 1072 1565 1187 1143 1617 1728 1895 1112 1463 1630 1854 1976 1233 1489 1312 1739 1521 1741 1104 1090 1762 1194 1969 1066 1143 1224 1668 1514 1518 1767 1650 1215 1810 1879 1841 1635 1788 1259 1135 1188 1022 1275 1613 1591 1792 1962 1864 1613 1134 1588 1460 1577 1051 1004 1162 1465 1606 1875 1529 1349 BCNSPRNW ULIB Ver.6.0+V

เปลี่ยนเป็นภาษาไทย

Change to English
 แสดงรายละเอียดบรรณานุกรม
  กลับหน้าหลัก

Brief Record : Get Marc (ISO 2709) : E-mail record : QR code < ปิดหน้าต่าง
LEADER : 00000nam 2200000uu 4500
001    13399113428
003     ULIB
008    111115s2552||||th 000 0 tha d
020    ^a9789741149612
060 04 ^aW84.6^bก282บ
245 00 ^aบริการปฐมภูมิทันยุค 2552 =^bUpdate in primary care 2009 /^cบรรณาธิการ, กฤษณะ สุวรรณภูมิ, ธเนศ แก่นสาร
246 31 ^aUpdate in primary care 2009
260    ^aสงขลา :^bภาควิชาเวชศาสตร์ชุมชน คณะแพทยศาสตร์มหาวิทยาลัยสงขลานครินทร์,^c2552
300    ^a190 หน้า :^bภาพประกอบ ;^c27 ซม.
650  7 ^aสุขภาพ^xการดูแล
650  7 ^aบริการสุขภาพ
700 0  ^aกฤษณะ สุวรรณภูมิ,^eบรรณาธิการ
700 0  ^aธเนศ แก่นสาร,^eบรรณาธิการ
710 2  ^aมหาวิทยาลัยสงขลานครินทร์. ^bคณะแพทยศาสตร์.^bภาควิชาเวชศาสตร์ชุมชน
945    ^p400^l0^i15959
945    ^p400^l0^i15960
995    ^aกัณชพร
999    ^aใช้งานได้ทุกระบบ
รายการนี้ยังไม่มีแท็ก
คุณยังไม่ได้ล็อกอิน คุณสามารถมีกิจกรรมร่วมกับเว็บไซต์ได้ แต่ต้องล็อกอินก่อน ::
  ล็อกอิน

รายการสื่อสารสนเทศ

ลำดับที่ ประเภท เลขเรียก/บาร์โค้ด สถานที่ สถานะ
- ไม่พบข้อมูล -

รายการใกล้เคียง
    หัวเรื่อง [บริการสุขภาพ]

BibComment


ยังไม่เคยถูกคอมเมนท์

คอมเมนท์ทรัพยากรรายการนี้
  คอมเมนท์: บริการปฐมภูมิทัน..


 Copyright 2026. Bcnsprnw @Library